000 00428nam a2200181Ia 4500
005 20250425161238.0
008 250425s9999 xx 000 0 und d
041 _aeng
082 _a515.9
100 _aKAPLAN, WILFRED
245 0 _aINTRODUCTION TO ANALYTIC FUNCTIONS
250 _a1ST ED.
260 _aEstados Unidos
_bADDISON - WESLEY
_c1966
260 _aREADING
300 _a212
942 _c01
010 _a16026
999 _c205355
_d205355